[Event "SCO-ch"]
[Site "Edinburgh"]
[Date "1999.07.18"]
[Round "3"]
[White "Summerscale, Aaron"]
[Black "Rowson, Jonathan"]
[Result "1/2-1/2"]
[WhiteElo "2420"]
[BlackElo "2490"]
[Annotator "Rowson,J"]
[PlyCount "150"]
[EventDate "1999.07.16"]
[EventType "swiss"]
[EventRounds "9"]
[EventCountry "SCO"]
[SourceTitle "CBM 071 Extra"]
[Source "ChessBase"]
[SourceDate "1999.09.14"]
[SourceVersion "1"]
[SourceVersionDate "1999.09.14"]
[SourceQuality "1"]

{[%mdl 4356]} 1. d4 Nf6 2. c4 g6 3. Nc3 d5 {The first time I had played this
against a GM since writing my book.} 4. Bf4 Bg7 5. e3 c5 6. dxc5 Qa5 7. Qa4+
Qxa4 8. Nxa4 Bd7 9. Nc3 Ne4 10. Nxd5 Na6 11. f3 Nexc5 12. Rb1 e6 13. Nc7+ Nxc7
14. Bxc7 O-O $6 {Somehow I was afraid of Aaron improving on the analysis in my
book but it turns out he hadn't even read it!.......I guess I should trust my
judgement a little more.} (14... Na4 15. Bd6 Nxb2 (15... Bxb2 $2 16. Rxb2 Nxb2
17. Be5) 16. Ba3 Na4 17. Rxb7 Bf8 $1 18. Bxf8 Rxf8 19. Ne2 Ke7 (19... Nc5 $5)
20. Nd4 {It was actually here that I thought Aaron might deviate, but he said
he was going to go right down the Novikov-Sutovsky Koszalin 1998 game, which(I
think) I had shown to be fine for Black in my book.} (20. Kd2 $5 Rfb8 21. Rxb8
Rxb8 22. Kc1 Rb2 23. Nc3 {I dimly saw this at the time; I wouldn't put it past
Aaron to go to such lengths to keep his pawn, but of course after} Rf2 {
Black is definitely not worse.}) 20... Nc5 (20... Rfb8 $2 21. Nc6+) 21. Rb4
Rfb8 22. a3 {My assessment of all this was a little stilted in my book;
"Novikov defended well" etc.......It never occured to me that White might be
playing for an advantage!........Facing a card-carrying pawn grabber of a
Grandmaster over the board made me think twice. However, I think I got it
right in my book; if anything this line is risky for White.} Na6 $5 {My
reccomended improvement on the above-mentioned game which would have been an
excellent surprise over the board.} 23. Rxb8 Rxb8 24. Nb5 {So far so forced; I
suppose 24...Nc5 may be a good punt for a draw but I still like} Rb7 $5 {
Now I don't see any convincing answer to the initiative generating ...Nc5 and .
..a6. I am willing to let future opponents try!} 25. Be2 (25. Bd3 Nc5 26. Kd2 (
26. Ke2 a6 $1) 26... Bxb5 27. cxb5 Rd7 $1) (25. Kd2 Nc5 26. Kc1 $5 (26. Kc2 a6
27. Nc3 Ba4+ {was given in my book.}) (26. Kc3 $1 {looks like the critical
test.} a6 (26... e5 $1 {looks like the way to do it; renewing the threat of ...
a6.} 27. Kb4 {looks like the only way to meet the threat Then it's time to
sort our knight out:} Ne6 {Again with the threat of ...a6.} 28. Ka5 {Again I
see no obvious alternative.} Nd8 $1 {The key move! White may be in some
trouble now.} 29. Ka6 {Onward! How else to deal with the threat of ...Nc6+ and
...a6......Don't forget that a Rb6 mate is in our midst.} Bc8 {...Nc6 is now a
threat.} 30. Nxa7 Kd7 $1 {The idea is just to build a mating net.} 31. Be2 (31.
c5 Rb1+ 32. Ka5 (32. Nxc8 Kxc8 33. g3 Kc7 $1 34. Bg2 Rb2 {also looks likely to
end in mate.}) 32... Nc6+ 33. Nxc6 Kxc6 {is just winning; White cannot
untangle without losing material and Black will soon threaten mate.}) (31. Nxc8
Kxc8 {is similar; White has no time to exchange rooks and the mating threats
come very fast.} 32. Bd3 Ne6 $1 33. Bc2 {This might be enough for a draw.} (33.
Rb1 $2 Nc5+) 33... Nc5+ 34. Ka5 Rb2 (34... Kc7 35. Rb1) 35. Ba4 Kc7 (35... Nb7+
36. Ka6 Nc5+ 37. Ka5) 36. Bb5 Kb7 $5 37. Rd1 Ka7 38. Rd5 Nb7+ 39. Ka4 Kb6 $17 {
I'm not sure how much of this makes sense but I have faith in Black's
prosepcts.}) 31... Rxa7+ (31... Rb2+ 32. Nxc8 Kxc8 {looks very good for Black.
Once I get th knight on c5 there are mating threats all over the place.}) 32.
Kxa7 Kc7 {looks like a spectacular idea, but} 33. Rb1 {spoils the fun.}) 27.
Kb4 $1 {is the main idea of course.}) 26... a6 (26... e5 $5) 27. Nd4 Ba4 28.
Be2 e5 29. Nc2 Nb3+ 30. Kd1 Na1 {is a bit cheeky of me, but I'm very fond of
Black's coordination in these lines.}) 25... Nc5 26. Kf2 a6 27. Nd4 Rb2 28. Ra1
e5 {trapping the knight, is a pleasing demonstration of Black's prospects.
Another venemous line shows it's not even easy to bail out:}) 15. Bd6 Rfc8 16.
b3 $1 {I just completely missed this concept. I had assumed that ...Na4 and
Ba3 would happen, after which ...a6 and ...b5 gives fantasttic compensation....
..I deviated from my book analysis partly because I though such a position
might give even more compensation than ...Na4, but now I have, I think,
absolutely no compensation. There are some similarities to the samisch Kings
Indian pawn sac endgame but having exhanged a piece already and not having the
pawn on e4(d4 square, f5 break for Black) means that Black has very little to
do. As this slowly dawned on me, I realised it was going to have to be a long
grim defence......but I was determined to show I had grown up, and wouldn't
become dispirited.......} b5 $1 {I was now aware that I was simply trying to
draw and so this move sprang from a desire to give my pieces some space.} 17.
cxb5 a6 $1 {The only way. Initially I was interested in} (17... Nb7 18. Bb4 Rc2
{but} (18... Bc3+ 19. Bxc3 Rxc3 20. Rd1 $1 {is similarly annoying; at the very
best I'll win one pawn back as White mobilises.}) 19. Rd1 $1 {and Rd2 looks
like it will leave me without big ideas.}) 18. b6 {Otherwise I think I do have
some significant activity.} Rc6 19. Bc7 Bc3+ 20. Kf2 Ba5 $1 {The exclam is
because I had to see that this held together when playing ...a6.} 21. Bc4 $1 ({
Now Aaron might have considered:} 21. Rc1 $5 Bxb6 22. Bxb6 Nd3+ 23. Bxd3 Rxc1 {
when Black's rooks have a lot to prove, but White's rook is redundant so I
thought I'd be OK.}) 21... Bxb6 22. Bxb6 Rxb6 23. Ne2 {Now I am a full pawn
down with absolute zip by way of compensation. Still, thinking of "The theory
of infinite resistance" I resolved to try to play the best(and most annoying)
moves.} h5 $1 {A crucial move. In the long term, white may need to make a
second weakness in the kingside to distract me while the passed queenside pawn
is shepherded through. If White could play g4 and possibly h4-h5 I would
quickly come under unbearable pressure. Even if the threats didn't start
immediately after g4 I would never have another chance to shore up my kingside,
so I decided to take it here, strange though it looks.} 24. Rhd1 Rab8 25. Rbc1
Be8 26. Nf4 {Sensible stuff, Aaron just improves his pieces.} Kf8 27. Be2 Nb7
28. Nd3 Nd6 29. Ne5 R8b7 {Now it's not looking great for Black, but I think
Aaron played the next few moves surprisingly badly.} 30. Nc4 $6 (30. Rc5 $5 {
looks much more unpleasant to face; there's no reason for White not to fiddle
around a bit; now there are threats of Ra5 and Rdc1. a4 might even be a threat.
At any rate White should be thinking carefully about which pieces to exchange;
I thought I'd have few defensive chances if he exchanged his knight for my
bishop or his bishop for my knight. Exchanging one pair of rooks would also be
a good idea, so as to activate the King. Perhaps Aaron didn't adjust to how
easily he had achieved a winning position because he was making big decisions
in unnecessary haste at this stage.}) (30. h4 $5) (30. e4 $5) 30... Nxc4 31.
Rxc4 Ke7 32. Rc5 Ra7 33. Ra5 Bb5 $1 {And suddenly we're going to have some
sort of Rook endgame; I'm sure they're not all drawn, but some of them are.....
....} 34. Bxb5 Rxb5 35. Ra4 $6 {Aaron did think this one over for a long so
I'm sure he had his reasons but from my point of view} (35. Rxb5 axb5 36. Rd2 {
followed by king to the queenside seemed to hold much less hope for Black. If
fact, although I'm by no means an expert on these things, the fact that my
king is cut off from the queenside leads me to wonder if I'm not just lost.
Obviously I have defensive chances based on eventual activity of the rook when
the queenside opens up and prospects for some annoyance on the kingside but
I'd feel much less comfortable than I did in the game.}) 35... a5 $1 {I can
defend the pawn actively on the fifth rank; I'd be more passive if it were
fixed on the fifth.} 36. Ke2 Rc7 37. Rad4 Rg5 $1 {The annoyance begins. At
this stage I thought my chances of drawing were about 50%.} 38. g3 {Now his
second rank is draughty.} Rc2+ 39. R1d2 Rc1 40. Rd7+ Kf6 41. Rd1 (41. Ra7 Rh1
42. Kd3 Rd5+ 43. Kc2 Rxd2+ 44. Kxd2 Rxh2+ 45. Kd3 Rxa2) 41... Rc2+ 42. R7d2 Rc3
43. Rd4 Re5 $1 {More annoyance; Aaron is a cool customer but I could feel him
getting a little flustered.} 44. R4d3 Rc2+ 45. R1d2 Rc1 46. f4 {Played with
some exaltion; now it's much easier to exchange pawns and sometimes e3 is weak.
} Rec5 47. Rd1 R1c2+ 48. R3d2 R2c3 49. Rb2 g5 $1 {I was tempted to play...Kf5
and try to cause some mayhem with my king, but then I realised my position is
not good enough yet. By exchanging some pawns I lessen the scope of my
defensive task and remove some "check-shelter" from his king. Moreover, Aaron
still hasn't given me a second weakness.} 50. a3 h4 $1 {I don't necessarily
want to exchange h and g pawns because if rooks are ever exchanged I will need
a target on the kingside that cannot be defended laterally by a rook(as his
king goes to the queenside to help queen the pawn mine goes to g4 to attack g3
etc. Nonetheless, White has no good way to resolve the tension and if I can
keep both rooks on(thus limiting his king's activity) I can probably afford to
keep hoovering on the kingside.} 51. b4 Rc8 52. Rd3 hxg3 53. hxg3 axb4 54. axb4
R3c6 $1 {An important move; now I thought my drawing chances were about 60%.
If he pushes the b-pawn I can make both his rooks passive whilst keeping his
king out of the action. Besides, for the time being there is nothing to do on
the 3rd rank.} 55. Rd7 (55. b5 Rb6 56. Rdb3 Rc5 57. Kd3 e5 $1 {etc.}) 55...
gxf4 {This was now fairly forced; but I didn't remind taking away the
potential weakness on g3 because I saw prospects for activity.} 56. gxf4 (56.
exf4 $5 {Someone like Speelman might have done this; mabye g4-g5 is an idea
now but there's more chance of the kingside disappearing.}) 56... Ra8 $1 {
Creeping, like a crab-snake.} 57. Rb7 Ra3 58. Rb5 {Only move.} Rcc3 59. Re5 Ke7
{70%.} 60. Kf3 Rd3 $1 {It's important to make the following transformation
with my rook behind the b-pawn.} (60... f6 61. Re4 f5 62. Re5 Rcb3 (62... Rab3
$2 63. Ra2 Rxb4 64. Ra6)) (60... Rd3) 61. Rc2 f6 62. Re4 f5 63. Re5 Rab3 64.
Rc6 $6 (64. Rc7+ Rd7 (64... Kd6 $2 65. Ra7) 65. Rxd7+ Kxd7 {was surely a small
improvement.}) 64... Rd6 65. Rxd6 Kxd6 66. b5 (66. Rb5 Kc6 67. Rb8 Kc7 {etc.})
66... Rb2 67. Kg3 Rd2 68. Kh4 Rg2 {And now I was 90% confident; I didn't see
how Whit ecould use his King and Aaron had about five minutes to finish the
game. So I offered a draw, half hoping for the pugnacious} 69. b6 (69. e4 $2
Rg4+) 69... Rb2 70. Kg5 Rxb6 ({The ultra-cool complicated matters after} 70...
Ke7 71. e4 fxe4 72. f5 Rxb6 73. f6+ Kf7 {But from a practical point of view I
might have tried this; White could lose on time trying to win!}) 71. Kf6 Kd7 {
98%} 72. Ra5 Kd6 73. Re5 Kd7 74. e4 fxe4 75. Rxe4 {What should I do now?.....I
know I am completely safe but he's pressing like a mad man with seconds left;
he glances at his clock and I wonder if I should just chuck a pawn to try to
win on time. Still, I was pleased with my play up til now and felt it more
dignified to play a good move and make a reasonable offer.} e5+ {If he takes
we get a drawn K+P and otherwise he has no more pawns to win, so he didn't
hesitate and I felt relieved and quite pleased with myself.} 1/2-1/2

[Event "RUS-ch 68th"]
[Site "Chita"]
[Date "2015.08.20"]
[Round "11"]
[White "Tomashevsky, Evgeny"]
[Black "Svidler, Peter"]
[Result "1/2-1/2"]
[WhiteElo "2747"]
[BlackElo "2739"]
[Annotator "Sagar Shah"]
[PlyCount "65"]
[EventDate "2015.08.09"]
[EventType "tourn"]
[EventRounds "11"]
[EventCountry "RUS"]
[EventCategory "18"]
[SourceTitle "CBM 168"]
[Source "ChessBase"]
[SourceDate "2015.09.14"]
[SourceVersion "1"]
[SourceVersionDate "2015.09.14"]
[SourceQuality "1"]

{Tomashevsky had a half point lead but faced a formidable opponent in the form
of Peter Svidler in the last round. Any slip would allow Karjakin to come
level with him.} 1. d4 Nf6 2. c4 g6 3. Nc3 d5 {Of course, Grunfeld and Svidler
are like Siamese twins.} 4. Bf4 Bg7 5. e3 c5 (5... O-O 6. Rc1 c5 7. dxc5 Be6 {
is the other important line here.}) 6. dxc5 Qa5 7. Rc1 dxc4 8. Bxc4 O-O 9. Nge2
Nc6 (9... Qxc5 {is the main move.} 10. Qb3 Nc6 11. Nb5 Qh5 12. Ng3 Qh4 13. Nc7
e5 14. Bg5 $5 Qxg5 15. h4 $1 Qg4 16. Nxa8 {is the main line where White has
scored pretty well.}) 10. O-O Qxc5 11. Nb5 Be6 12. Bd3 Qb4 13. Nc7 $146 {
Till here the players were following the game Lysyj-Svidler from November 2014.
Lysyj had played a3 but Tomashevsky played Nc7. Both of them were making their
moves quickly which meant that they were well prepared.} Bxa2 14. Nxa8 Rxa8 15.
Ra1 Be6 {White has his pieces well developed and Black has only a pawn for the
exchange. Don't you think White should be better here? Well the crux of the
matter is that the pawn on b2 is pretty weak and the bishop on g7 has its hawk
eyes on it.} 16. Qa4 Nd5 17. Bb5 (17. Qxb4 Ncxb4 18. Be4 a5 $15) 17... Nxf4 18.
Nxf4 Bb3 19. Qxb4 Nxb4 20. Rac1 {Once again Black's deficit in material is
compensated by the weak b2 pawn and queenside majority. Svidler plays this
pretty well.} a5 $1 21. Rc7 a4 22. Rxb7 Bxb2 23. Be2 Na2 24. Bf3 {Tomashevsky
plays with great accuracy. The a-pawn is quite venomous and his position is
not without dangers.} Rd8 25. Nd5 e6 (25... Bxd5 26. Rxb2 $16) 26. Rb1 a3 27.
Rxb3 exd5 28. R3xb2 {Tomshevsky didn't want any more anxious moments trying to
defend against the a-pawn. He sacrifices his exchange back but the game now
peters out to a draw.} axb2 29. Rxb2 Nc3 30. Rc2 Ne4 31. Rb2 Nc3 32. Rc2 Ne4
33. Rb2 {With this Tomashevsky become the Champion of the 68th Russian
Championships.} 1/2-1/2